000 00527nam a2200157Ia 4500
005 20250923145302.0
008 008 250917s9999 xx 000 0 eng d
037 _aTextual
040 _aDSWL
_beng
_cDSWL
041 _aeng
_2eng
084 _an2;N53, N74
_qDSWL
245 0 _aIndia : A Reference Annual, 1974
_cby Ministry of Informatio and Broadcasting
260 _aNew Delhi
_b Pub. Division Ministry of Inf. & Broadcasting Govt. of India
_c1974
942 _cTEXL
_hn2;N53, N74
999 _c1449482
_d1449482